Nombres de dominio y proveedores de servicios de Internet.

Zapisane w:
Opis bibliograficzny
1. autor: Muñoz Lecerf, Carlos (autor)
Kolejni autorzy: Arata Solar, Giorgio (autor)
Format: Nieznany
Wydane: Santiago, Chile: Hammurabi, 2025.
Wydanie:1a edición.
Seria:Estudios de Derecho Informático,
Hasła przedmiotowe:
Etykiety: Dodaj etykietę
Nie ma etykietki, Dołącz pierwszą etykiete!

MARC

LEADER 00000 a2200000 4500
003 CL-VaPUC
005 20250509154713.0
008 250506t2025 ||||| |||| 00| 0 eng d
999 |c 449265  |d 449263 
020 |a 978-956-6396-32-1 
040 |c Pontificia Universidad Católica de Valparaíso 
082 |a 343.830999 MUÑ 2025 
100 |a Muñoz Lecerf, Carlos  |9 902617  |e autor 
245 |a Nombres de dominio y proveedores de servicios de Internet. 
250 |a 1a edición. 
260 |a Santiago, Chile:  |b Hammurabi,  |c 2025. 
300 |a 181 páginas. 
490 |a Estudios de Derecho Informático,  |n  1. 
583 |k GC  |c 20250506 
650 0 |9 868792  |a Derecho informático  |x Proveedores de Internet  |x Propiedad intelectual 
650 0 |9 371884  |a Derecho informático  |x Nombres de dominio 
700 |9 902618  |a Arata Solar, Giorgio  |e autor 
942 |2 ddc  |c BK 
952 |0 0  |1 0  |2 ddc  |4 0  |6 343_830999000000000_MUÑ_2025  |7 0  |8 A  |9 602870  |a BIBDER  |b BIBDER  |d 2025-05-05  |e 22  |g 25000.00  |i 5667398  |o 343.830999 MUÑ 2025  |p 5667398  |r 2025-05-05  |t 1  |v 25000.00  |w 2025-05-05  |y BK  |k DER